|
|
|
|
| LEADER |
00000nab a2200000 ar4500 |
| 001 |
vtls009005081 |
| 003 |
SK-MaSNL |
| 005 |
20260305005152.0 |
| 008 |
070704c2007 xo er|p|||||||000 b|slo |
| 015 |
|
|
|a SNBRB2007/07
|2 snkbucl
|
| 038 |
|
|
|a SNKBUCL
|
| 040 |
|
|
|a SNKBUCL
|b slo
|c SNKBUCL
|e AACR2
|
| 041 |
0 |
|
|a slo
|
| 044 |
|
|
|a xo
|c SK
|
| 080 |
|
|
|a 027.54
|x (437.3)
|2 2001
|
| 080 |
|
|
|a 727.8:72.011
|x (437.3)
|2 2001
|
| 245 |
0 |
0 |
|a Oko nad Prahou
|c [autor] -lč-
|
| 610 |
2 |
7 |
|a Národní knihovna České republiky
|2 snkbucl
|9 33205
|
| 650 |
0 |
7 |
|a knižničné budovy
|2 snkbucl
|9 3035
|
| 651 |
|
7 |
|a Praha (Česko)
|2 snkbucl
|9 19313
|
| 773 |
0 |
|
|t Knižná revue
|g Roč. XVII, č. 13 (2007), s. 2
|x 1210-1982
|
| 852 |
|
|
|a SNK
|b KIS3GCP
|
| 958 |
|
|
|a CZ
|
| 958 |
|
|
|a KL
|
| 999 |
|
|
|c 3239151
|d 3241081
|